Cargando...
Asia and Western dominance,
| Autor principal: | |
|---|---|
| Formato: | Printed Book |
| Publicado: |
[New York]
Collier Books
[1969]
|
| Materias: |
| LEADER | 00420cam a2200133 4500 | ||
|---|---|---|---|
| 082 | |a 950 |b PAN/A | ||
| 100 | 1 | |a Panikkar, K. M. | |
| 245 | 1 | 0 | |a Asia and Western dominance, |
| 260 | |a [New York] |b Collier Books |c [1969] | ||
| 300 | |a 364 p. | ||
| 650 | |a History |z Asia | ||
| 942 | |c BK | ||
| 999 | |c 99627 |d 99627 | ||
| 952 | |0 0 |1 0 |4 0 |6 950_000000000000000_PAN_A |7 0 |9 92876 |a SSS |b SSS |c RGS |d 2012-02-22 |l 0 |o 950 PAN/A |p SSSPC155 |r 2012-02-22 |w 2012-02-22 |y BK | ||